[Event "IND-ch U15 Girls 38th"]
[Site "New Delhi"]
[Date "2022.12.03"]
[Round "9"]
[White "Suryanshi, Sharma"]
[Black "Sajitha, B."]
[Result "0-1"]
[WhiteElo "1263"]
[BlackElo "1509"]
[PlyCount "102"]
[EventDate "2022.11.28"]
[EventType "swiss"]
[EventRounds "11"]
[EventCountry "IND"]
[SourceTitle "CBM 211 Extra"]
[Source "ChessBase"]
[SourceDate "2023.01.31"]
[SourceVersion "1"]
[SourceVersionDate "2023.01.31"]
[SourceQuality "1"]

1. c4 e5 2. Nc3 Nf6 3. e4 Bc5 4. g3 d6 5. h3 Be6 6. Bg2 Nc6 7. d3 Qd7 8. Nf3 h6 9. a3 a5 10. Nd5 Bxd5 11. cxd5 Nd4 12. Be3 Nxf3+ 13. Qxf3 Bxe3 14. Qxe3 0-0 15. 0-0 Rfc8 16. d4 c6 17. dxc6 Rxc6 18. Rfd1 Qc7 19. f4 Qb6 20. Qf2 Rac8 21. Rd2 Rc4 22. Rad1 Re8 23. Bf3 exf4 24. Qe2 Rc7 25. gxf4 Rce7 26. Qc4 Nxe4 27. Rg2 Rc7 28. Qd3 d5 29. Kh2 Qf6 30. Rdg1 Qxf4+ 31. Kh1 f5 32. Qb5 Rd8 33. Bxe4 dxe4 34. Qxa5 Rxd4 35. Qa8+ Kh7 36. Qe8 g5 37. Rxg5 hxg5 38. Qh5+ Kg7 39. Rxg5+ Kf6 40. Rg6+ Ke5 41. Qh8+ Kd5 42. Qg8+ Kc5 43. Qf8+ Kb5 44. a4+ Kxa4 45. Qa3+ Kb5 46. Qb3+ Rb4 47. Qd5+ Rc5 48. Qxb7+ Kc4 49. Qa6+ Kd4 50. Rd6+ Ke3 51. Qa3+ Kf2 0-1

[Event "IND-ch U15 Girls 38th"]
[Site "New Delhi"]
[Date "2022.11.29"]
[Round "2"]
[White "Sajitha, B."]
[Black "Shanjula, Senthil"]
[Result "0-1"]
[WhiteElo "1509"]
[BlackElo "1230"]
[PlyCount "126"]
[EventDate "2022.11.28"]
[EventType "swiss"]
[EventRounds "11"]
[EventCountry "IND"]
[SourceTitle "CBM 211 Extra"]
[Source "ChessBase"]
[SourceDate "2023.01.31"]
[SourceVersion "1"]
[SourceVersionDate "2023.01.31"]
[SourceQuality "1"]

1. d4 Nf6 2. Bf4 e6 3. e3 d5 4. Nf3 Bd6 5. Bg3 0-0 6. Bd3 c5 7. c3 b6 8. Nbd2 Bb7 9. Ne5 Nc6 10. f4 Nd7 11. Qh5 Nf6 12. Qh3 cxd4 13. exd4 Ne7 14. 0-0 Ne4 15. Bh4 f6 16. Qxe6+ Kh8 17. Nxe4 dxe4 18. Nd7 Bd5 19. Qxd6 exd3 20. Rae1 Re8 21. Re3 Nf5 22. Rxe8+ Qxe8 23. Qxd5 Nxh4 24. g3 Ng6 25. f5 Ne7 26. Qe6 Ng8 27. Re1 Rd8 28. Qxe8 Rxe8 29. Kf2 d2 30. Rd1 Rd8 31. Nxb6 axb6 32. h3 Ne7 33. g4 Nd5 34. Rxd2 b5 35. a3 Kg8 36. Kf3 Re8 37. Re2 Rxe2 38. Kxe2 Kf7 39. Kd3 Nf4+ 40. Ke4 Nxh3 41. Kd5 Nf2 42. c4 bxc4 43. a4 Ke7 44. Kc6 Nd3 45. a5 Nxb2 46. Kb6 c3 47. a6 c2 48. a7 c1Q 49. a8Q Nc4+ 50. Kc5 Nd6+ 51. Kb6 Qb2+ 52. Kc7 Ne8+ 53. Kc8 Qc3+ 54. Kb7 Qf3+ 55. Ka7 Qxa8+ 56. Kxa8 Kd6 57. Kb7 Kd5 58. Kc8 Kxd4 59. Kd7 Ke5 60. Kxe8 Kf4 61. Kf7 Kxg4 62. Kxg7 Kxf5 63. Kxh7 Ke5 0-1

[Event "IND-ch U15 Girls 38th"]
[Site "New Delhi"]
[Date "2022.11.29"]
[Round "3"]
[White "Shreya, Rana"]
[Black "Sajitha, B."]
[Result "1-0"]
[WhiteElo "1187"]
[BlackElo "1509"]
[PlyCount "89"]
[EventDate "2022.11.28"]
[EventType "swiss"]
[EventRounds "11"]
[EventCountry "IND"]
[SourceTitle "CBM 211 Extra"]
[Source "ChessBase"]
[SourceDate "2023.01.31"]
[SourceVersion "1"]
[SourceVersionDate "2023.01.31"]
[SourceQuality "1"]

1. d4 Nf6 2. Bf4 d5 3. e3 c5 4. c3 Nc6 5. Nd2 Bf5 6. Ngf3 Qb6 7. b3 e6 8. Nh4 Bg6 9. Nxg6 hxg6 10. h3 cxd4 11. exd4 Be7 12. Bd3 0-0 13. 0-0 Rac8 14. Re1 Nd7 15. Nf3 Na5 16. Rc1 Bd6 17. Bxd6 Qxd6 18. Qe2 Rc7 19. Qd2 Rfc8 20. h4 Nf6 21. Ne5 Nc6 22. Qe3 Nd7 23. Nxc6 Rxc6 24. c4 dxc4 25. bxc4 Nf6 26. c5 Qd8 27. Rb1 Nd5 28. Qf3 R6c7 29. Be4 Qxh4 30. Bxd5 exd5 31. Qxd5 Rd8 32. Qe5 Rcd7 33. Rb3 Rd5 34. Qe7 Qxd4 35. Rxb7 Rf5 36. Rf1 a5 37. c6 Qd5 38. c7 Rc8 39. Rb8 Qc5 40. Rxc8+ Kh7 41. Qxc5 Rxc5 42. Rd1 g5 43. Rd7 Rc1+ 44. Kh2 f6 45. Ra8 1-0

[Event "IND-ch U20 Girls 50th"]
[Site "Gurugram"]
[Date "2022.03.13"]
[Round "9"]
[White "Priyanka, Nutakki"]
[Black "Sajitha, B."]
[Result "1/2-1/2"]
[WhiteElo "2301"]
[BlackElo "1455"]
[PlyCount "61"]
[EventDate "2022.03.09"]
[EventType "swiss"]
[EventRounds "9"]
[EventCountry "IND"]
[SourceTitle "EXT 2023"]
[Source "ChessBase"]
[SourceDate "2022.10.05"]
[SourceVersion "1"]
[SourceVersionDate "2022.10.05"]
[SourceQuality "1"]

1. d4 Nf6 2. c4 e6 3. Nf3 d5 4. Nc3 dxc4 5. e3 a6 6. a4 c5 7. Bxc4 Nc6 8. 0-0 Be7 9. Qe2 cxd4 10. Rd1 e5 11. exd4 exd4 12. Nxd4 Nxd4 13. Qe5 Qd6 14. Qxd4 Qxd4 15. Rxd4 Bc5 16. Rd1 0-0 17. Bg5 Bg4 18. Rd2 Rad8 19. h3 Rxd2 20. Bxd2 Bf5 21. Re1 Re8 22. Rxe8+ Nxe8 23. Bd5 Nd6 24. Bf4 b6 25. Na2 a5 26. Nc1 Bc2 27. b3 Nf5 28. Ne2 Nd4 29. Nxd4 Bxd4 30. Bc4 Bc5 31. Kf1 1/2-1/2